000 00544cam a22002052a 4500
001 004275
003 AR-FADEU
008 311216n1974####xxu####################dd
020 _a84-252-0702-9
092 _a791.43
_bA164
100 _aAbruzzese, Alberto
245 _aLa imagen fílmica
260 _aBarcelona
260 _bGustavo Gili
260 _c1974
300 _a277 p. : il
440 _aComunicación visual
650 _aCINE SOCIOLOGIA; FILM-SOCIOLOGIA; IMAGEN FILMICA; ACTOR CINEMATOGRAFICO-SOCIOLOGIA
942 _cBDGR
999 _c10101
_d10101